[Event "Memorial Perezzani A"]
[Site "?"]
[Date "2019.03.01"]
[Round "1.1"]
[White "Gregori, Giacomo"]
[Black "Ghiotto, Marco Luigi"]
[Result "0-1"]
[WhiteElo "2301"]
[BlackElo "1998"]
[PlyCount "116"]
[EventDate "2019.??.??"]

1. Nf3 Nf6 2. g3 e6 3. Bg2 c5 4. c4 Nc6 5. O-O d5 6. cxd5 exd5 7. d4 Bf5 8. Nc3
Be7 9. b3 O-O 10. Bb2 Ne4 11. Na4 Bf6 12. Rc1 b6 13. dxc5 Bxb2 14. Nxb2 bxc5
15. Na4 Nb4 16. Nh4 Bd7 17. a3 Na2 18. Bxe4 Nxc1 19. Bb1 Nxe2+ 20. Qxe2 Bxa4
21. bxa4 g6 22. Rd1 Re8 23. Qd2 Rb8 24. Bd3 c4 25. Bf1 Qf6 26. Ng2 Rb2 27. Qf4
Qxf4 28. Nxf4 c3 29. Nxd5 c2 30. Rc1 Rd8 31. Ne3 Rd2 32. a5 f5 33. h4 Kf7 34.
Kg2 Ke7 35. Bc4 h6 36. Kf3 Kd7 37. Bf7 g5 38. Bg6 f4 39. gxf4 gxf4 40. Nc4 Rb3+
41. Ke4 Rb1 42. Nxd2 Rxc1 43. Kd3 Ke6 44. h5 Rf1 45. Kxc2 Rxf2 46. Kd3 Rh2 47.
Nf3 Ra2 48. Nd4+ Kf6 49. Nc2 Rb2 50. a6 Kg5 51. Ke2 Rb3 52. Kf2 f3 53. a4 Kf4
54. Ne1 Rb2+ 55. Kf1 Kg3 56. Bd3 Rh2 57. Nxf3 Kxf3 58. Ke1 Ke3 0-1

[Event "Memorial Perezzani A"]
[Site "?"]
[Date "2019.03.01"]
[Round "1.2"]
[White "Faccia, Sergio"]
[Black "Zenari, Marco"]
[Result "0-1"]
[WhiteElo "1989"]
[BlackElo "2174"]
[PlyCount "34"]
[EventDate "2019.??.??"]

1. e4 c5 2. b4 b6 3. bxc5 bxc5 4. Nf3 Nc6 5. Bb5 Bb7 6. Nc3 e6 7. O-O Nge7 8.
d3 Ng6 9. Rb1 Be7 10. Bc4 Rb8 11. Be3 d6 12. a4 O-O 13. Qd2 Bf6 14. Bg5 Nd4 15.
Bxf6 Nxf3+ 16. gxf3 Qxf6 17. Nb5 Nh4 0-1

[Event "Memorial Perezzani A"]
[Site "?"]
[Date "2019.03.01"]
[Round "1.4"]
[White "Bettera, Roberto"]
[Black "Paler, Adrian"]
[Result "0-1"]
[WhiteElo "1945"]
[BlackElo "2162"]
[PlyCount "113"]
[EventDate "2019.??.??"]

1. d4 d5 2. c4 e6 3. Nc3 c6 4. e3 Nf6 5. Nf3 Nbd7 6. Qc2 Bd6 7. Be2 O-O 8. O-O
dxc4 9. Bxc4 b5 10. Bd3 Bb7 11. a3 Re8 12. Bd2 a5 13. Ne2 Qe7 14. Ng3 g6 15.
Rfe1 Rec8 16. Qb3 e5 17. Nxe5 Nxe5 18. dxe5 Bxe5 19. Bc3 Rd8 20. Rad1 $11 Kg7
21. Rd2 Bxc3 22. Qxc3 b4 23. Qb3 c5 24. Red1 Bd5 25. Bc4 Bxc4 26. Qxc4 Rxd2 27.
Rxd2 bxa3 28. bxa3 Qe5 29. Rd3 Rb8 30. h3 Rb1+ 31. Kh2 Rb2 32. f4 Qe7 33. Qc3
Qb7 34. e4 c4 35. Rd6 Qe7 36. e5 Ng4+ 37. hxg4 Qh4+ 38. Kg1 Rb3 39. Qxc4 Qxg3
40. Rd1 Rxa3 41. e6 Qe3+ 42. Kh2 Qxe6 43. Rd5 Qxg4 44. Qd4+ f6 45. Rg5 Qh4+ 46.
Kg1 Qe1+ 47. Kh2 Ra1 48. Qd7+ Kf8 49. Qd8+ Kf7 50. Qd7+ Qe7 51. Qd5+ Kf8 52.
Rg3 Kg7 53. Qd4 Re1 54. Rc3 Re6 55. Rc5 Qd6 56. Qc4 g5 57. g3 0-1

[Event "Memorial Perezzani A"]
[Site "?"]
[Date "2019.03.01"]
[Round "1.6"]
[White "Modena, Giorgio"]
[Black "Gigovski, Gjoko"]
[Result "0-1"]
[WhiteElo "1893"]
[BlackElo "2152"]
[PlyCount "98"]
[EventDate "2019.??.??"]

1. e4 c6 2. d4 d5 3. exd5 cxd5 4. Nf3 Nc6 5. c3 Bg4 6. Be2 Nf6 7. h3 Bxf3 8.
Bxf3 e6 9. Bf4 Qb6 10. Qb3 Na5 11. Qxb6 axb6 12. Nd2 b5 13. b4 Nc4 14. Nxc4
bxc4 15. a4 Kd7 16. Be5 Ne8 17. Kd2 Bd6 18. Bxd6 Nxd6 19. Ra2 f6 20. Re1 Ra6
21. g3 Rha8 22. Rea1 g5 23. Bg2 Nf5 24. Bf3 h6 25. Bg4 Nd6 26. Bf3 f5 27. Bg2
Ne4+ 28. Bxe4 fxe4 29. Ke1 Rf8 30. Re2 e5 31. dxe5 Ke6 32. a5 Kxe5 33. b5 Raf6
34. Raa2 Kd6 35. a6 Kc5 36. axb7 Rb8 37. Ra6 Rd6 38. Rea2 Rxb7 39. Rxd6 Kxd6
40. Ra6+ Kc5 41. Rc6+ Kxb5 42. Rxh6 Kc5 43. Rg6 Rb1+ 44. Ke2 Rb2+ 45. Kf1 Rc2
46. Rxg5 Rxc3 47. h4 Rc1+ 48. Kg2 c3 49. h5 c2 0-1

[Event "Memorial Perezzani A"]
[Site "?"]
[Date "2019.03.01"]
[Round "1.7"]
[White "Govoni, Fausto"]
[Black "Marin, Alessandro"]
[Result "1-0"]
[WhiteElo "2149"]
[BlackElo "1892"]
[PlyCount "85"]
[EventDate "2019.??.??"]

1. e4 c5 2. Nc3 Nc6 3. Bb5 g6 4. Bxc6 bxc6 5. d3 Bg7 6. Nge2 d6 7. O-O e6 8.
Rb1 Ne7 9. Be3 O-O 10. Qd2 Qc7 11. Bh6 d5 12. Bxg7 Kxg7 13. Na4 Qd6 14. Qc3+ e5
15. Qxc5 Qe6 16. b3 f5 17. f3 g5 18. c4 d4 19. b4 Bd7 20. Qa5 Qd6 21. Nc5 Bc8
22. g3 f4 23. g4 h5 24. h3 Rh8 25. Kg2 Ng6 26. Rh1 hxg4 27. hxg4 Nh4+ 28. Kf2
Rh6 29. Ng1 Qe7 30. Nh3 Rg6 31. Rh2 Be6 32. Nxe6+ Rxe6 33. b5 Rb8 34. Nxg5 Rh6
35. Rbh1 Rbh8 36. bxc6 Qxg5 37. Qxa7+ Kg6 38. c7 Rc8 39. Qa6+ Qf6 40. Qxc8 Qb6
41. Qg8+ Kf6 42. g5+ Ke7 43. c8=N+ 1-0

[Event "Memorial Perezzani A"]
[Site "?"]
[Date "2019.03.01"]
[Round "1.8"]
[White "Giuriato, Sergio"]
[Black "Vincenzi, Marco"]
[Result "1-0"]
[WhiteElo "1890"]
[BlackElo "2057"]
[PlyCount "109"]
[EventDate "2019.??.??"]

1. d4 Nf6 2. c4 g6 3. Nf3 Bg7 4. g3 O-O 5. Bg2 c5 6. d5 e6 7. Nc3 exd5 8. cxd5
d6 9. O-O a6 10. a4 Re8 11. Nd2 Nbd7 12. h3 Rb8 13. Nc4 Ne5 14. Na3 Bd7 15. f4
Nh5 16. Kh2 b5 17. fxe5 Bxe5 18. Bf4 Bxf4 19. gxf4 b4 20. Nc4 bxc3 21. bxc3 Bf5
22. Rf3 Re4 23. Nd2 Rxf4 24. e4 Bd7 25. Qf1 Rxf3 26. Qxf3 Qg5 27. Nc4 Be8 28.
Qg4 Qe7 29. Qf3 Rb3 30. Qe3 Qf6 31. Rf1 Qe7 32. Ra1 Bd7 33. e5 dxe5 34. Qxe5
Qxe5+ 35. Nxe5 Bf5 36. d6 Rb2 37. Nc4 Re2 38. Kg1 Nf4 39. Bf1 Re8 40. Kh2 Be6
41. Nb6 Nd5 42. Nxd5 Bxd5 43. Bxa6 Rd8 44. Bb5 Kf8 45. Rd1 Be6 46. a5 Bd7 47.
c4 Ke8 48. Re1+ Kf8 49. a6 Be6 50. Rd1 Ra8 51. Ra1 Ra7 52. Re1 h6 53. Re5 Bc8
54. Re8+ Kg7 55. Rxc8 1-0

[Event "Memorial Perezzani A"]
[Site "?"]
[Date "2019.03.01"]
[Round "1.9"]
[White "Zanchetta, Nicola"]
[Black "Kocur, Marc"]
[Result "1/2-1/2"]
[WhiteElo "2042"]
[BlackElo "1881"]
[PlyCount "80"]

1. e4 Nc6 2. Nc3 Nf6 3. d4 d5 4. e5 Nd7 5. Nxd5 Ndb8 6. Nc3 Qxd4 7. Qxd4 Nxd4
8. Bd3 Be6 9. Be3 Nbc6 10. Nb5 Nxb5 11. Bxb5 f6 12. exf6 exf6 13. Ne2 Bd6 14.
O-O O-O 15. Bxc6 bxc6 16. Nd4 Bd7 17. Nb3 Rfe8 18. Rfd1 Re7 19. h3 g5 20. Bc5
Bxc5 21. Nxc5 Bf5 22. Rd2 h5 23. Rad1 Rae8 24. Kf1 Kf7 25. b4 Kg6 26. a3 g4 27.
h4 g3 28. fxg3 Re3 29. Nd3 Rxg3 30. Kf2 Rg4 31. g3 Rc4 32. Rc1 Rc3 33. a4 Kh6
34. b5 cxb5 35. axb5 Rd8 36. Re1 Rd5 37. Ra1 Rxb5 38. Rxa7 Rd5 39. Ra6 c6 40.
Rb6 Rd8 1/2-1/2

[Event "Memorial Perezzani A"]
[Site "?"]
[Date "2019.03.01"]
[Round "1.10"]
[White "Pasin, Mattia"]
[Black "Tramalloni, Luca"]
[Result "0-1"]
[WhiteElo "1851"]
[BlackElo "2014"]
[PlyCount "68"]
[EventDate "2019.??.??"]

1. d4 d5 2. c4 c6 3. Nf3 Nf6 4. Bf4 a6 5. e3 Bf5 6. Nc3 e6 7. a3 Be7 8. Be2 O-O
9. O-O Nh5 10. Be5 Nd7 11. b4 f6 12. Nh4 fxe5 13. Nxf5 exf5 14. Bxh5 dxc4 15.
d5 Nf6 16. Be2 cxd5 17. Nxd5 b5 18. Nxe7+ Qxe7 19. Qc2 e4 20. a4 Kh8 21. axb5
axb5 22. Rab1 Nd5 23. Rfd1 Rfd8 24. Rd4 Ra7 25. Kh1 Rad7 26. g3 Nf6 27. Rxd7
Rxd7 28. Qa2 Ra7 29. Qb2 h6 30. Qd4 Ra2 31. Bd1 Rxf2 32. Qc5 Qd7 33. Ra1 Qd2
34. Be2 Qxe2 0-1

[Event "Memorial Perezzani A"]
[Site "?"]
[Date "2019.03.01"]
[Round "1.11"]
[White "Pavesi, Brando"]
[Black "Sala, Sergio"]
[Result "1-0"]
[WhiteElo "2007"]
[BlackElo "1839"]
[PlyCount "45"]
[EventDate "2019.??.??"]

1. d4 d5 2. Bf4 Nf6 3. e3 c5 4. c3 Nc6 5. Nd2 Bf5 6. Qb3 Qc8 7. Ngf3 c4 8. Qd1
h6 9. Ne5 e6 10. f3 b5 11. g4 Bh7 12. h4 g5 13. hxg5 hxg5 14. Bxg5 Be7 15. f4
Nxe5 16. fxe5 Nd7 17. Nf3 Qd8 18. Rh5 f6 19. Bf4 Qb6 20. g5 fxg5 21. Nxg5 Nf8
22. Nxh7 Nxh7 23. Qc2 1-0

[Event "Memorial Perezzani A"]
[Site "?"]
[Date "2019.03.01"]
[Round "1.12"]
[White "Baruzzo, Fabio"]
[Black "Bordignon, Angelo"]
[Result "1-0"]
[WhiteElo "1813"]
[BlackElo "2004"]
[PlyCount "75"]
[EventDate "2019.??.??"]

1. c4 g6 2. Nc3 Bg7 3. g3 c5 4. Bg2 Nc6 5. e3 d6 6. Nge2 Bd7 7. d4 b6 8. O-O
Nf6 9. Bd2 O-O 10. Rc1 Ne8 11. Be1 Rb8 12. Nd5 e6 13. Ndf4 Ne7 14. Bc3 e5 15.
dxe5 dxe5 16. Nd5 Be6 17. Qd2 Bxd5 18. cxd5 Nd6 19. b3 Nb5 20. Bb2 Nc8 21. b4
cxb4 22. Qxb4 Nbd6 23. Rc6 a5 24. Qb3 b5 25. Rfc1 Ne7 26. Rc7 Nc4 27. Rc5 Qb6
28. Ba3 Rfe8 29. h4 Bf8 30. d6 Nxd6 31. Rxe5 $11 Nc4 32. Bc5 Qf6 33. Rg5 Bh6
34. Bd4 Qa6 35. Rc5 Nf5 36. Rc6 Nxd4 37. Nxd4 a4 38. Qxc4 1-0

[Event "Memorial Perezzani A"]
[Site "?"]
[Date "2019.03.02"]
[Round "2.1"]
[White "Zenari, Marco"]
[Black "Pavesi, Brando"]
[Result "1/2-1/2"]
[WhiteElo "2174"]
[BlackElo "2017"]
[PlyCount "40"]
[EventDate "2019.??.??"]

1. e4 c6 2. d4 d5 3. e5 Bf5 4. h4 h5 5. c4 e6 6. Nc3 Nd7 7. Bg5 Qa5 8. Nge2 Ne7
9. Ng3 Bg6 10. Be2 Nf5 11. Nxf5 Bxf5 12. cxd5 cxd5 13. Bb5 Bb4 14. O-O Bxc3 15.
Bxd7+ Kxd7 16. bxc3 Rac8 17. Qb3 Rxc3 $11 18. Qxb7+ Rc7 19. Qb2 Rc2 20. Qb7+
Rc7 1/2-1/2

[Event "Memorial Perezzani A"]
[Site "?"]
[Date "2019.03.02"]
[Round "2.3"]
[White "Paler, Adrian"]
[Black "Giuriato, Sergio"]
[Result "1/2-1/2"]
[WhiteElo "2162"]
[BlackElo "1890"]
[PlyCount "38"]
[EventDate "2019.??.??"]

1. e4 Nc6 2. Nf3 e5 3. Bb5 a6 4. Bxc6 dxc6 5. O-O Qf6 6. d4 exd4 7. Bg5 Qg6 8.
Qxd4 Be6 9. Rd1 Be7 10. Bxe7 Nxe7 11. Qb4 b6 12. Nc3 f6 13. Qd4 O-O 14. Qe3
Rae8 15. Nd4 Bc8 16. Qf4 c5 17. Nde2 f5 18. Qxc7 fxe4 19. Qg3 e3 $11 1/2-1/2

[Event "Memorial Perezzani A"]
[Site "?"]
[Date "2019.03.02"]
[Round "2.4"]
[White "Gigovsky, Gjoko"]
[Black "Baruzzo, Fabio"]
[Result "1-0"]
[WhiteElo "2152"]
[BlackElo "1813"]
[PlyCount "79"]
[EventDate "2019.??.??"]

1. Nf3 d5 2. c4 e6 3. g3 Nf6 4. Bg2 c5 5. cxd5 exd5 6. d4 h6 7. O-O Nc6 8. Nc3
cxd4 9. Nxd4 Be7 10. Nxc6 bxc6 11. e4 Bg4 12. Qa4 Bd7 13. exd5 cxd5 14. Qd4 Be6
15. Rd1 Qd7 16. Be3 Rb8 17. b3 a5 18. Nxd5 Nxd5 19. Bxd5 O-O 20. Qc4 Bxd5 21.
Rxd5 Qb7 22. Rxa5 Rfc8 23. Qd5 Qxd5 24. Rxd5 Rc2 25. Rd2 Rc6 26. Rad1 Bb4 27.
Rd8+ Rxd8 28. Rxd8+ Kh7 29. Bd2 Be7 30. Rd7 Bf6 31. a4 Kg6 32. b4 Rc2 33. a5
Ra2 34. b5 Kf5 35. b6 Ke4 36. Kg2 Bd4 37. Rxd4+ Kxd4 38. b7 Rb2 39. a6 Kd5 40.
a7 1-0

[Event "Memorial Perezzani A"]
[Site "?"]
[Date "2019.03.02"]
[Round "2.5"]
[White "Ghiotto, Marco Luigi"]
[Black "Govoni, Fausto"]
[Result "1/2-1/2"]
[WhiteElo "1998"]
[BlackElo "2149"]
[PlyCount "65"]
[EventDate "2019.??.??"]

1. d4 f5 2. c4 Nf6 3. Nf3 d6 4. Nc3 g6 5. g3 Bg7 6. Bg2 O-O 7. O-O Qe8 8. d5 c5
9. Bf4 h6 10. Qc2 g5 11. Bd2 Na6 12. a3 Nc7 13. b4 b6 14. Rad1 Bd7 15. Rfe1 Ne4
16. b5 a6 17. a4 Qg6 18. Nxe4 fxe4 19. Be3 axb5 20. axb5 Ra3 21. Nd2 Rc3 22.
Bxe4 Qf6 23. Qb2 Qf7 24. Qb1 Ra8 25. Bg6 Qf8 26. Bh7+ Kh8 27. Qg6 Ne8 28. Bxg5
hxg5 29. Ne4 Nf6 30. Nxg5 Be8 31. Qf5 Bd7 32. Qg6 Be8 33. Qf5 1/2-1/2

[Event "Memorial Perezzani A"]
[Site "?"]
[Date "2019.03.02"]
[Round "2.8"]
[White "Marin, Alessandro"]
[Black "Gregori, Giacomo"]
[Result "0-1"]
[WhiteElo "1892"]
[BlackElo "2301"]
[PlyCount "108"]
[EventDate "2019.??.??"]

1. e4 c6 2. d4 d5 3. exd5 cxd5 4. c4 Nf6 5. Nc3 e6 6. c5 Be7 7. Bf4 O-O 8. h3
Nc6 9. Bb5 Bd7 10. Bxc6 Bxc6 11. b4 Ne4 12. Nge2 Bg5 13. Bxg5 Qxg5 14. O-O Rad8
15. b5 Bd7 16. Qd3 Qg6 17. a4 f5 18. Nxe4 fxe4 19. Qg3 Qh5 20. Qg4 Qh6 21. Qg3
Be8 22. Qe3 Qh4 23. Qg3 Qh5 24. Qg4 Qh6 25. Ng3 Qf6 26. Rac1 Rc8 27. Rcd1 Bg6
28. Qe2 e5 29. Qe3 Qe7 30. Rc1 Qf6 31. Rfd1 Rfd8 32. dxe5 Qxe5 33. Qd4 Qe6 34.
Ne2 Qe7 35. Nc3 Qxc5 36. Qe5 Qc7 37. Qd4 Qb6 38. Qe5 Qf6 39. Qg3 Qd6 40. Qxd6
Rxd6 41. Rd4 Rc4 42. Ne2 Rxc1+ 43. Nxc1 Kf7 44. Kf1 Ke6 45. Ke2 Rd7 46. Kd2 Ke5
47. Ne2 Bh5 48. g4 Bg6 49. Ke3 Rf7 50. Ng1 Rxf2 51. Rxe4+ Bxe4 52. Kxf2 b6 53.
Ne2 d4 54. Nc1 Bc2 0-1

[Event "Memorial Perezzani A"]
[Site "?"]
[Date "2019.03.02"]
[Round "2.9"]
[White "Vincenzi, Marco"]
[Black "Bettera, Roberto"]
[Result "1/2-1/2"]
[WhiteElo "2057"]
[BlackElo "1945"]
[PlyCount "63"]
[EventDate "2019.??.??"]

1. d4 Nf6 2. c4 g6 3. Nc3 Bg7 4. e4 d6 5. Nf3 O-O 6. Be2 e5 7. O-O Nbd7 8. Be3
Ng4 9. Bg5 f6 10. Bc1 c6 11. d5 Qc7 12. h3 Nh6 13. Be3 a5 14. Qd2 Nf7 15. Ne1
f5 16. f3 Nf6 17. Rc1 c5 18. a3 Bd7 19. Bd1 Ne8 20. Ba4 b6 21. Nd3 Qd8 22. Bxd7
Qxd7 23. Qc2 Nf6 24. Nf2 Bh6 25. Bxh6 Nxh6 26. Qa4 Qe7 27. Qc6 Rab8 28. Nd3 Nf7
29. b4 Rfc8 30. Qb5 cxb4 31. axb4 Qc7 32. Nb2 1/2-1/2

[Event "Memorial Perezzani A"]
[Site "?"]
[Date "2019.03.02"]
[Round "2.10"]
[White "Bordignon, Angelo"]
[Black "Modena, Giorgio"]
[Result "1/2-1/2"]
[WhiteElo "2004"]
[BlackElo "1893"]
[PlyCount "104"]
[EventDate "2019.??.??"]

1. f4 Nf6 2. Nf3 Nc6 3. g3 e6 4. Bg2 Be7 5. d3 d5 6. c3 a6 7. a4 Na7 8. O-O c5
9. Na3 Nc6 10. Qe1 O-O 11. Kh1 Qc7 12. e4 dxe4 13. dxe4 b6 14. h3 Bb7 15. Nc4
Nd7 16. Be3 b5 17. Ncd2 Nb6 18. axb5 axb5 19. Qf2 Nd7 20. g4 Rxa1 21. Rxa1 Ra8
22. Rxa8+ Bxa8 23. e5 Ncb8 24. b3 Nb6 25. c4 bxc4 26. bxc4 N8d7 27. Ne1 Bxg2+
28. Qxg2 f6 29. exf6 Bxf6 30. Qe4 Qd6 31. Nef3 Be7 32. g5 g6 33. Kg2 Bf8 34. h4
Na4 35. Qc2 Qc6 36. Kg3 Bg7 37. h5 gxh5 38. g6 h6 39. Qe4 Qxe4 40. Nxe4 Bf8 41.
Kh4 Nb2 42. Nfd2 Nd1 43. Bg1 Kg7 44. Kxh5 Nb2 45. Bf2 Be7 46. Nb3 Nxc4 47.
Nbxc5 Bxc5 48. Bxc5 e5 49. f5 Nxc5 50. Nxc5 Ne3 51. Nd7 Nxf5 52. Nxe5 Ne7
1/2-1/2

[Event "Memorial Perezzani A"]
[Site "?"]
[Date "2019.03.02"]
[Round "2.11"]
[White "Sala, Sergio"]
[Black "Faccia, Sergio"]
[Result "0-1"]
[WhiteElo "1839"]
[BlackElo "1989"]
[PlyCount "52"]
[EventDate "2019.??.??"]

1. e4 e5 2. Bc4 Nf6 3. d3 Bc5 4. Nf3 Nc6 5. c3 a5 6. a4 O-O 7. O-O d5 8. exd5
Nxd5 9. Nbd2 h6 10. Re1 Bg4 11. h3 Bxf3 12. Nxf3 Qd6 13. Qb3 Rad8 14. Bxd5 Qxd5
15. Qxb7 Rd6 16. c4 Qxd3 17. Be3 Bxe3 18. Rxe3 Qxc4 19. Qxc7 Rfd8 20. Rc3 Qf4
21. Rxc6 Rd1+ 22. Ne1 R1d2 23. Rd1 Qxf2+ 24. Kh2 Qf4+ 25. Kh1 Rxd1 26. g3 Qf1+
0-1

[Event "Memorial Perezzani A"]
[Site "?"]
[Date "2019.03.02"]
[Round "2.12"]
[White "Carini, Massimo"]
[Black "Pasin, Mattia"]
[Result "1-0"]
[WhiteElo "1980"]
[BlackElo "1851"]
[PlyCount "84"]
[EventDate "2019.??.??"]

1. e4 c5 2. Nf3 Nc6 3. c3 d5 4. exd5 Qxd5 5. d4 e6 6. Bd3 Nf6 7. O-O Be7 8.
dxc5 Bxc5 9. Qe2 O-O 10. Bg5 Qd8 11. Rd1 Qe7 12. Nbd2 h6 13. Bh4 Bb6 14. Ne4 g5
15. Nfxg5 hxg5 16. Nxg5 Nd5 17. Bh7+ Kh8 18. Rxd5 exd5 19. Qh5 f5 20. Nf7+ Rxf7
21. Bxe7 Rxe7 22. Bxf5+ Kg8 23. Bxc8 Ne5 24. Bxb7 Rxb7 25. Qxe5 Rf8 26. Qxd5+
Rff7 27. Rd1 Bxf2+ 28. Kh1 Rxb2 29. Qg5+ Kh7 30. h3 Bb6 31. Rd7 Rxd7 32. Qf5+
Kh6 33. Qxd7 Kg5 34. c4 Kf4 35. c5 Rb1+ 36. Kh2 Ba5 37. Qa4+ Bb4 38. a3 a5 39.
axb4 axb4 40. c6 Ke5 41. c7 Rc1 42. Qxb4 Rxc7 1-0

[Event "Memorial Perezzani A"]
[Site "?"]
[Date "2019.03.02"]
[Round "3.2"]
[White "Giuriato, Sergio"]
[Black "Zenari, Marco"]
[Result "0-1"]
[WhiteElo "1890"]
[BlackElo "2174"]
[PlyCount "106"]
[EventDate "2019.??.??"]

1. d4 Nf6 2. c4 g6 3. Nf3 Bg7 4. g3 O-O 5. Bg2 d6 6. Nc3 Nc6 7. O-O a6 8. Qd3
b5 9. Bg5 Nb4 10. Qd2 bxc4 11. Bxf6 exf6 12. d5 a5 13. Nd4 f5 14. a3 Na6 15.
Rad1 Bd7 16. Nc6 Bxc6 17. dxc6 Nc5 18. Qd5 Bxc3 19. bxc3 Qc8 20. Qxc4 Qa6 21.
Qxa6 Rxa6 22. Bd5 Rb6 23. Rfe1 Re8 24. Kg2 Rb2 25. Kf3 Na4 26. Rd3 Rc2 27. c4
Nc5 28. Re3 Rxe3+ 29. fxe3 Rb2 30. Rc1 Rb3 31. Ra1 Kg7 32. h3 Kf6 33. g4 Ne6
34. gxf5 Nd4+ 35. Kg2 Nxf5 36. e4 Ne3+ 37. Kf2 Nxd5 38. exd5 Ke5 39. e4 a4 40.
Kg2 Kd4 41. e5 Kxe5 42. Re1+ Kf6 43. Re8 Rxa3 44. Rc8 Rc3 45. Rxc7 Rxc4 46. Rd7
a3 47. Ra7 Rc3 48. h4 Ke5 49. Rxf7 Kxd5 50. Rxh7 Kxc6 51. Ra7 Kb5 52. Ra8 Kb4
53. Rb8+ Kc4 0-1

[Event "Memorial Perezzani A"]
[Site "?"]
[Date "2019.03.02"]
[Round "3.3"]
[White "Pavesi, Brando"]
[Black "Paler, Adrian"]
[Result "0-1"]
[WhiteElo "2007"]
[BlackElo "2162"]
[PlyCount "85"]
[EventDate "2019.??.??"]

1. d4 d5 2. Bf4 Nf6 3. e3 c5 4. c3 Nc6 5. Nd2 Qb6 6. Qb3 c4 7. Qc2 g6 8. e4 e6
9. e5 Nh5 10. Be3 f5 11. f4 Be7 12. g3 Bd7 13. Ngf3 O-O 14. Be2 Rac8 15. O-O
Kf7 16. Kh1 Ng7 17. Rg1 Rh8 18. Raf1 a5 19. Qc1 Qd8 20. Bd1 b5 21. Bc2 Rf8 22.
Rf2 Kg8 23. Qf1 b4 24. Qh3 bxc3 25. bxc3 Rb8 26. g4 Rb2 27. Ne1 Rxa2 28. Rfg2
Rf7 29. gxf5 exf5 30. Ndf3 a4 31. Qh6 Qf8 32. Nh4 Bxh4 33. Qxh4 Ne6 34. Nf3 Rg7
35. Qh6 Ne7 36. h4 a3 37. h5 Rf7 38. Qxf8+ Kxf8 39. Rb1 Rg7 40. h6 Rg8 41. Bc1
Kf7 42. Ne1 Ra8 43. Rd2 0-1

[Event "Memorial Perezzani A"]
[Site "?"]
[Date "2019.03.02"]
[Round "3.4"]
[White "Govoni, Fausto"]
[Black "Tramalloni, Luca"]
[Result "1-0"]
[WhiteElo "2149"]
[BlackElo "2014"]
[PlyCount "93"]
[EventDate "2019.??.??"]

1. e4 Nf6 2. Nc3 d5 3. e5 Nfd7 4. f4 e6 5. Nf3 c5 6. d3 Nc6 7. g3 Be7 8. Bg2 a6
9. O-O b5 10. Kh1 g6 11. Qe2 Qc7 12. Re1 Bb7 13. Nd1 h6 14. c3 O-O-O 15. Bd2
Rdg8 16. a4 b4 17. cxb4 cxb4 18. d4 a5 19. Rc1 Kb8 20. b3 Qb6 21. Be3 Ba6 22.
Qd2 Kb7 23. Nf2 Rc8 24. Kg1 Na7 25. g4 Rcg8 26. f5 gxf5 27. gxf5 Nc6 28. Nh3
Rg4 29. Nf2 Rgg8 30. Kh1 Kb8 31. Nh3 Rg4 32. Nf4 Nf8 33. Bh3 Rgg8 34. fxe6 fxe6
35. Rc2 Bg5 36. Rec1 Bb7 37. Nxe6 Nxe6 38. Bxe6 Nxe5 39. Nxg5 hxg5 40. Bxg8 Nf3
41. Bf4+ Ka8 42. Qe3 gxf4 43. Qxf3 Qxd4 44. Rd1 Qe4 45. Qxe4 dxe4 46. Bd5 Bxd5
47. Rxd5 1-0

[Event "Memorial Perezzani A"]
[Site "?"]
[Date "2019.03.02"]
[Round "3.6"]
[White "Gregori, Giacomo"]
[Black "Carini, Massimo"]
[Result "1-0"]
[WhiteElo "2301"]
[BlackElo "1980"]
[PlyCount "59"]
[EventDate "2019.??.??"]

1. d4 d5 2. Bf4 e6 3. e3 Nf6 4. Nf3 Bd6 5. Bg3 b6 6. c3 Bb7 7. Nbd2 O-O 8. Be2
c5 9. O-O Nc6 10. Ne5 Ne4 11. Nxe4 dxe4 12. Nc4 Bxg3 13. hxg3 b5 14. Nd2 cxd4
15. cxd4 a6 16. Nb3 e5 17. Nc5 exd4 18. Nxb7 Qe7 19. Na5 Nxa5 20. Qxd4 Rfd8 21.
Qb6 Nc4 22. Bxc4 bxc4 23. Rac1 Rab8 24. Qxa6 Rxb2 25. Rxc4 h6 26. a4 g6 27. Qc6
Rdd2 28. Rxe4 Qg5 29. Re8+ Kh7 30. Qc3 1-0

[Event "Memorial Perezzani A"]
[Site "?"]
[Date "2019.03.02"]
[Round "3.8"]
[White "Faccia, Sergio"]
[Black "Kocur, Marc"]
[Result "1-0"]
[WhiteElo "1989"]
[BlackElo "1881"]
[PlyCount "153"]
[EventDate "2019.??.??"]

1. e4 Nc6 2. d4 e5 3. Nf3 exd4 4. Bc4 Nf6 5. O-O d6 6. Nxd4 Be7 7. Nc3 O-O 8.
h3 Ne5 9. Bb3 c5 10. Nf3 Be6 11. Nxe5 Bxb3 12. axb3 dxe5 13. Qxd8 Rfxd8 14. Be3
Kf8 15. Rfd1 a6 16. f3 Rac8 17. Kf2 Nh5 18. g3 c4 19. Rxd8+ Bxd8 20. b4 Rc6 21.
Nd5 b5 22. Rd1 Ke8 23. Bc5 g6 24. Ba7 Ng7 25. Bb8 f6 26. Ba7 Ne6 27. Be3 f5 28.
Ke2 fxe4 29. fxe4 Bg5 30. c3 h5 31. Ba7 Bd8 32. Bb8 Ng5 33. Bxe5 Nxh3 34. Nf4
Ng5 35. Ke3 Nf7 36. Bd4 Rd6 37. Rf1 Bg5 38. e5 Re6 39. Ke4 Bxf4 40. gxf4 Nh6
41. Kd5 Kd7 42. Bf2 Nf5 43. Rd1 Rc6 44. Ke4+ Ke6 45. Rg1 Kf7 46. Kd5 Ne7+ 47.
Ke4 Rc7 48. Ra1 Rc6 49. Rd1 Ke6 50. Rd8 Nf5 51. Rg8 Kf7 52. Rd8 Re6 53. Rd7+
Re7 54. Rd8 h4 55. Rd1 Ke6 56. Kf3 Rh7 57. Rh1 h3 58. Rh2 g5 59. fxg5 Kxe5 60.
Kg4 Rd7 61. Kxh3 Kf4 62. g6 Rd3+ 63. Kg2 Rd2 64. Rh7 Rd6 65. g7 Rg6+ 66. Kf1
Rxg7 67. Rh8 Rd7 68. Ke2 Ke4 69. Ra8 Rd6 70. Bc5 Re6 71. Kd2 Ng3 72. Rf8 Re5
73. Rf6 Rh5 74. Re6+ Kf3 75. Re3+ Kf4 76. Re6 Rh3 77. b3 1-0

[Event "Memorial Perezzani A"]
[Site "?"]
[Date "2019.03.02"]
[Round "3.9"]
[White "Baruzzo, Fabio"]
[Black "Vincenzi, Marco"]
[Result "1/2-1/2"]
[WhiteElo "1813"]
[BlackElo "2057"]
[PlyCount "52"]
[EventDate "2019.??.??"]

1. c4 Nf6 2. Nc3 d5 3. cxd5 Nxd5 4. e4 Nxc3 5. bxc3 c5 6. Bc4 Nc6 7. Ne2 e6 8.
O-O Be7 9. d4 O-O 10. Be3 a6 11. f4 b5 12. Bd3 b4 13. d5 exd5 14. exd5 Na5 15.
cxb4 cxb4 16. Rc1 Re8 17. Qd2 Bb7 18. Be4 Bd6 19. Ng3 Rc8 20. Rxc8 Bxc8 21. Qd3
h6 22. Kh1 Nb7 23. Bf5 Nc5 24. Bxc5 Bxf5 25. Nxf5 Bxc5 26. Rd1 a5 1/2-1/2

[Event "Memorial Perezzani A"]
[Site "?"]
[Date "2019.03.02"]
[Round "3.10"]
[White "Bettera, Roberto"]
[Black "Bordignon, Angelo"]
[Result "1/2-1/2"]
[WhiteElo "1945"]
[BlackElo "2004"]
[PlyCount "42"]
[EventDate "2019.??.??"]

1. d4 d6 2. c4 Nf6 3. Nc3 Nbd7 4. e4 e5 5. Nf3 Be7 6. Be2 O-O 7. O-O c6 8. Qc2
Qe8 9. Rb1 Bd8 10. b4 Bb6 11. Rd1 Qe7 12. Ba3 Re8 13. c5 Bc7 14. d5 dxc5 15.
bxc5 Ba5 16. d6 Qd8 17. Na4 Nf8 18. Bb2 Ng6 19. Ba1 b5 20. Nb2 Ng4 21. Nd3 f6
1/2-1/2

[Event "Memorial Perezzani A"]
[Site "?"]
[Date "2019.03.02"]
[Round "3.11"]
[White "Modena, Giorgio"]
[Black "Casadio, Niccolò"]
[Result "0-1"]
[WhiteElo "1893"]
[BlackElo "1930"]
[PlyCount "84"]
[EventDate "2019.??.??"]

1. e4 e6 2. d4 d5 3. e5 c5 4. c3 Nc6 5. Nf3 Qb6 6. a3 Nh6 7. Bd3 Bd7 8. Bc2 Rc8
9. O-O Be7 10. b4 cxd4 11. cxd4 a5 12. bxa5 Nxa5 13. Nbd2 Qc7 14. Ra2 Nc4 15.
Nxc4 Qxc4 16. Bb3 Qc7 17. Rc2 Qd8 18. Rxc8 Qxc8 19. Qd3 Nf5 20. Bb2 O-O 21. Rc1
Qa8 22. g4 Nh4 23. Nxh4 Bxh4 24. f4 Ba4 25. Kg2 Bxb3 26. Qxb3 Qa6 27. Rc2 h6
28. Bc1 Be7 29. Kf2 Ra8 30. Ra2 Qc6 31. Rc2 Qa6 32. Ra2 b5 33. Bd2 Qb6 34. Ke3
Ra4 35. Bb4 Qa7 36. Bxe7 Qxd4+ 37. Ke2 Qe4+ 38. Kf1 Qh1+ 39. Ke2 Re4+ 40. Kd2
Qg2+ 41. Kd1 Qf1+ 42. Kd2 Re2+ 0-1